Loading...
Oceanic mythology /
| Main Author: | |
|---|---|
| Format: | Printed Book |
| Language: | English |
| Published: |
Paul Hamlyn,
1967.
|
| LEADER | 00417nam a2200121Ia 4500 | ||
|---|---|---|---|
| 008 | 150624b xxu||||| |||| 00| 0 eng d | ||
| 082 | |a 200.4099 | ||
| 100 | |a Poignant, Roslyn | ||
| 245 | |a Oceanic mythology / |c Roslyn Poignant | ||
| 260 | |b Paul Hamlyn, |c 1967. | ||
| 942 | |c REF | ||
| 999 | |c 5528 |d 5528 | ||
| 952 | |0 0 |1 0 |4 0 |6 200_409900000000000_POI_O_R |7 0 |9 5527 |a UL |b UL |c Ref2 |d 1998-09-01 |l 0 |o 200.4099 POI/O R |p 9526 |r 2012-10-27 |w 2012-10-27 |y REF | ||